Ética económica y social: Teorías de la sociedad justa
Uloženo v:
| Hlavní autoři: | , |
|---|---|
| Médium: | Kniha |
| Jazyk: | španělština |
| Vydáno: |
Barcelona
Paidós Ibérica
2002
|
| Témata: | |
| Tagy: |
Přidat tag
Žádné tagy, Buďte první, kdo vytvoří štítek k tomuto záznamu!
|
MARC
| LEADER | 00000nam a2200000 a 4500 | ||
|---|---|---|---|
| 001 | UCH0708 | ||
| 003 | CL-VaPUC | ||
| 008 | 090320e20020000SP |||||||||||||||||spa|d | ||
| 020 | |a 8449312841 | ||
| 082 | 0 | 4 | |a 330.01 |b ARN |2 21 |
| 100 | 0 | |a Arnsperger, Christian |e author |9 534979 | |
| 700 | 0 | |a Van Parijs, Philippe |e author |9 534980 | |
| 245 | 1 | 0 | |a Ética económica y social: Teorías de la sociedad justa |
| 300 | |a 150 p | ||
| 942 | |c BK | ||
| 945 | |d 20090320 00:00:00 |a dcastane | ||
| 260 | |a Barcelona |b Paidós Ibérica |c 2002 | ||
| 600 | 0 | 7 | |a RAWLS, JOHN |2 CL-VaPUC |9 256003 |
| 650 | 7 | |a ETICA ECONOMICA |2 CL-VaPUC |9 534981 | |
| 650 | 0 | |a Utilitarismo |9 321614 | |
| 650 | 7 | |a LIBERTARISMO |2 CL-VaPUC |9 534982 | |
| 650 | 7 | |a MARXISMO |2 CL-VaPUC |9 534983 | |
| 650 | 7 | |a IGUALITARISMO |2 CL-VaPUC |9 534984 | |
| 650 | 0 | |a Justicia social |9 314874 | |
| 583 | |a last modification |c 20140403 04:59:39 |k Rodrigo Vera | ||
| 999 | |c 332961 |d 332959 | ||
| 952 | |0 0 |1 0 |4 0 |6 330_010000000000000_ARN_2002 |7 0 |8 A |9 421037 |a BIBEDU |b BIBEDU |d 2019-11-22 |i 4523180 |l 1 |m 4 |o 330.01 ARN 2002 |p 4523180 |q 2025-12-31 |r 2020-07-28 |s 2020-07-28 |w 2019-11-22 |y BK |k FIL | ||